Ancient Indian political ideas and institutions / (Record no. 52801)

MARC details
000 -LEADER
fixed length control field 00704nam a2200241Ia 4500
005 - DATE AND TIME OF LATEST TRANSACTION
control field 20260429112204.0
008 - FIXED-LENGTH DATA ELEMENTS--GENERAL INFORMATION
fixed length control field 260429s9999||||xx |||||||||||||| ||und||
020 ## - INTERNATIONAL STANDARD BOOK NUMBER
International Standard Book Number 9788196277130
041 ## - LANGUAGE CODE
Language English
082 ## - DEWEY DECIMAL CLASSIFICATION NUMBER
Classification number 320.954
Item number ARY
100 ## - MAIN ENTRY--PERSONAL NAME
Personal name Arya, Vedaprakash
245 #0 - TITLE STATEMENT
Title Ancient Indian political ideas and institutions /
Statement of responsibility, etc Vedaprakash Arya
250 ## - EDITION STATEMENT
Edition statement 1st ed.
260 ## - PUBLICATION, DISTRIBUTION, ETC. (IMPRINT)
Place of publication, distribution, etc Agra :
Name of publisher, distributor, etc Current Publication,
Date of publication, distribution, etc 2024.
300 ## - PHYSICAL DESCRIPTION
Extent ix, 280 p.; hb
440 ## - SERIES STATEMENT/ADDED ENTRY--TITLE
Title As per National Education policy 2020-DSC 7
650 ## - SUBJECT ADDED ENTRY--TOPICAL TERM
Topical term or geographic name as entry element Ancient India
650 ## - SUBJECT ADDED ENTRY--TOPICAL TERM
Topical term or geographic name as entry element Indian polity
650 ## - SUBJECT ADDED ENTRY--TOPICAL TERM
Topical term or geographic name as entry element Political institutions
650 ## - SUBJECT ADDED ENTRY--TOPICAL TERM
Topical term or geographic name as entry element Political science-India
700 ## - ADDED ENTRY--PERSONAL NAME
Personal name Metre G. Manohar
942 ## - ADDED ENTRY ELEMENTS (KOHA)
Koha item type Text Books
Holdings
Withdrawn status Lost status Damaged status Not for loan Collection code Home library Location Shelving location Date of Cataloging Source of acquisition Total Checkouts Full call number Barcode Date last seen Price effective from Koha item type
        Non-fiction CUTN Central Library CUTN Central Library Social Sciences 29/04/2026 Tamilnadu Book House, Chennai - Invoice No. IN/73 on 17-02-2026   320.954 ARY 57923 29/04/2026 29/04/2026 Text Books